<?xml version="1.0" encoding="UTF-8"?>
<record
    xmlns:xsi="http://www.w3.org/2001/XMLSchema-instance"
    xsi:schemaLocation="http://www.loc.gov/MARC21/slim http://www.loc.gov/standards/marcxml/schema/MARC21slim.xsd"
    xmlns="http://www.loc.gov/MARC21/slim">

  <leader>01586nab a22002177a 4500</leader>
  <datafield tag="999" ind1=" " ind2=" ">
    <subfield code="c">5831</subfield>
    <subfield code="d">5831</subfield>
  </datafield>
  <controlfield tag="003">OSt</controlfield>
  <controlfield tag="005">20260107125027.0</controlfield>
  <controlfield tag="008">190514b        xxu||||| |||| 00| 0 spa d</controlfield>
  <datafield tag="040" ind1=" " ind2=" ">
    <subfield code="c">PJ</subfield>
  </datafield>
  <datafield tag="100" ind1=" " ind2=" ">
    <subfield code="9">4481</subfield>
    <subfield code="a">P&#xE9;rez Gallardo, Leonardo B.</subfield>
  </datafield>
  <datafield tag="245" ind1="1" ind2="3">
    <subfield code="a">El derecho de alimentos a favor de la pareja de hecho afectiva /</subfield>
    <subfield code="c">Leonardo B. P&#xE9;rez Gallardo.</subfield>
  </datafield>
  <datafield tag="300" ind1=" " ind2=" ">
    <subfield code="a">p. 156-177</subfield>
  </datafield>
  <datafield tag="505" ind1=" " ind2=" ">
    <subfield code="a">Sumario: I. Unas breves pinceladas hist&#xF3;ricas: de la equiparaci&#xF3;n matrimonial al reconocimiento judicial de la uni&#xF3;n matrimonial no formalizada, realidades y mitos.&#x2014; II. Matrimonio y uni&#xF3;n de hecho afectiva, dos modos de constituir familia y un mismo efecto: el derecho de alimentos.&#x2014; III. De la obligaci&#xF3;n de alimentos a favor del miembro de la pareja en situaci&#xF3;n de vulnerabilidad.&#x2014;
IV. De los alimentos a favor de los miembros de la pareja de hecho afectiva durante la existencia de esta.&#x2014; V. Peculiaridades de los alimentos posruptura de la uni&#xF3;n afectiva.&#x2014; VI. Presupuestos para su exigibilidad.&#x2014; VII. De la instrumentaci&#xF3;n notarial del pacto sobre alimentos posuni&#xF3;n de hecho afectiva y del cauce procesal para su reclamaci&#xF3;n en sede judicial.&#x2014; VIII. Causas de cesaci&#xF3;n.&#x2014; IX. A modo conclusivo.</subfield>
  </datafield>
  <datafield tag="505" ind1=" " ind2=" ">
    <subfield code="t">Si te interesa el texto, comunicate a koha@justierradelfuego.gov.ar</subfield>
  </datafield>
  <datafield tag="650" ind1=" " ind2="0">
    <subfield code="9">967</subfield>
    <subfield code="a">DERECHO DE FAMILIA</subfield>
  </datafield>
  <datafield tag="650" ind1=" " ind2="0">
    <subfield code="9">968</subfield>
    <subfield code="a">ALIMENTOS</subfield>
  </datafield>
  <datafield tag="650" ind1=" " ind2="0">
    <subfield code="9">4099</subfield>
    <subfield code="a">CUOTA ALIMENTARIA</subfield>
  </datafield>
  <datafield tag="650" ind1=" " ind2="0">
    <subfield code="9">1074</subfield>
    <subfield code="a">OBLIGACION ALIMENTARIA</subfield>
  </datafield>
  <datafield tag="773" ind1="0" ind2=" ">
    <subfield code="0">2844</subfield>
    <subfield code="9">3222</subfield>
    <subfield code="d">Buenos Aires : AbeledoPerrot, 1989-</subfield>
    <subfield code="t">Derecho de familia. N&#xB0; 118 - Marzo 2025</subfield>
    <subfield code="z">18511201</subfield>
  </datafield>
  <datafield tag="942" ind1=" " ind2=" ">
    <subfield code="2">udc</subfield>
    <subfield code="c">ANA</subfield>
  </datafield>
</record>
